Statistics for Brazilians on FC Shakhtar Donetsk

Click here to take the quiz!

General Stats

  • This quiz has been taken 30 times
  • The average score is 3 of 8

Answer Stats

#Player% Correct
8Fred
58%
28Taison
58%
11Marlos
54%
10Bernard
46%
12Wellington Nem
25%
31Ismaily
21%
On LoanAlan Patrick
17%
9Dentinho
17%

Score Distribution

Percentile by Number Answered

Percent of People with Each Score

Your Score History

You have not taken this quiz